[Event "FICS rated blitz game"]
[Site "FICS freechess.org"]
[Date "2018.01.12"]
[Round "?"]
[White "awitaliy"]
[Black "puthoor"]
[Result "0-1"]
[WhiteElo "1384"]
[BlackElo "1309"]
[PlyCount "58"]
[EventDate "2018.??.??"]
[EventType "blitz"]

1. e4 e5 2. Nf3 Nc6 3. c3 h6 4. h3 a6 5. a3 Qf6 6. Bd3 Bc5 7. Bc2 d6 8. b4 Ba7
9. d4 Nge7 10. dxe5 dxe5 11. O-O O-O 12. Bb2 Be6 13. c4 Ng6 14. c5 b6 15. Bb3
bxc5 16. bxc5 Bxc5 17. Bd5 Bd7 18. Nc3 Bd4 19. Rc1 Rab8 20. Ba1 Nce7 21. Ne2 c5
22. Nexd4 cxd4 23. Re1 Nf4 24. Rc7 Bb5 25. a4 Bd3 26. Qd2 Neg6 27. Bb2 Nxh3+
28. gxh3 Qxf3 29. Kh2 Nf4 {White resigns} 0-1

[Event "FICS rated standard game"]
[Site "FICS freechess.org"]
[Date "2018.01.12"]
[Round "?"]
[White "bhekisipho"]
[Black "kasperchess"]
[Result "0-1"]
[WhiteElo "1827"]
[BlackElo "1853"]
[PlyCount "54"]
[EventDate "2018.??.??"]

1. e4 e5 2. Nf3 Nc6 3. c3 Nf6 4. Bd3 d6 5. Bc2 g6 6. d4 exd4 7. cxd4 Bg7 8. Ba4
O-O 9. O-O Nxe4 10. Re1 d5 11. Nbd2 Bg4 12. Nxe4 dxe4 13. Rxe4 Bf5 14. Rf4 Qd5
15. Be3 Rad8 16. Qe1 Rfe8 17. Rc1 Re4 18. Rxe4 Bxe4 19. Bb3 Qh5 20. Ng5 Bd5 21.
Qc3 h6 22. Nh3 Qg4 23. Bxd5 Rxd5 24. Nf4 Nxd4 25. Qxc7 Ne2+ 26. Nxe2 Qxe2 27.
Qxb7 Rd1+ {White resigns} 0-1

[Event "FICS rated blitz game"]
[Site "FICS freechess.org"]
[Date "2018.01.12"]
[Round "?"]
[White "intihuantana"]
[Black "pulsefrequency"]
[Result "1/2-1/2"]
[WhiteElo "1978"]
[BlackElo "1951"]
[PlyCount "130"]
[EventDate "2018.??.??"]
[EventType "blitz"]

1. e4 e5 2. Nf3 Nc6 3. c3 f5 4. exf5 d5 5. Bb5 e4 6. Nd4 Bc5 7. Nxc6 bxc6 8.
Bxc6+ Bd7 9. Bxa8 Qxa8 10. Qh5+ Kd8 11. O-O Nf6 12. Qe2 Bxf5 13. b4 Bb6 14. a4
a5 15. Na3 c6 16. h3 h5 17. Nc2 Bg4 18. Qe1 Kd7 19. Ne3 Be6 20. Bb2 Qb8 21. Rd1
Qf4 22. d4 Bc7 23. g3 Qf3 24. Rd2 Bxh3 25. Qe2 Bxf1 26. Qxf3 exf3 27. Nxf1 Ne4
28. Rd3 Ng5 29. Nh2 h4 30. Nxf3 hxg3 31. Nxg5 gxf2+ 32. Kf1 Rh1+ 33. Kxf2 Rh2+
34. Kf3 Rxb2 35. Re3 Rc2 36. bxa5 Bxa5 37. Ne6 Bxc3 38. Nxg7 Bxd4 39. Rd3 c5
40. Nf5 Rf2+ 41. Kg4 Rg2+ 42. Kf3 Rf2+ 43. Kg4 Rg2+ 44. Kh3 Ra2 45. Nxd4 cxd4
46. Rxd4 Kd6 47. Kg4 Ke5 48. Rb4 d4 49. Kf3 d3 50. Ke3 d2 51. Rb1 Kd5 52. Rd1
Kc4 53. Rxd2 Ra3+ 54. Ke2 Ra1 55. Rd8 Rxa4 56. Ke3 Ra3+ 57. Ke4 Ra1 58. Rc8+
Kb5 59. Kd4 Rd1+ 60. Ke4 Re1+ 61. Kd4 Rd1+ 62. Ke4 Re1+ 63. Kd4 Rd1+ 64. Ke4
Re1+ 65. Kd4 Rd1+ 1/2-1/2

[Event "FICS rated blitz game"]
[Site "FICS freechess.org"]
[Date "2018.01.12"]
[Round "?"]
[White "intihuantana"]
[Black "akx"]
[Result "0-1"]
[WhiteElo "1980"]
[BlackElo "1786"]
[PlyCount "42"]
[EventDate "2018.??.??"]
[EventType "blitz"]

1. e4 e5 2. Nf3 Nc6 3. c3 Nf6 4. d4 exd4 5. e5 Nd5 6. cxd4 d6 7. exd6 Bxd6 8.
Be2 Bg4 9. O-O O-O 10. Nc3 Be7 11. Qb3 Nxc3 12. bxc3 b6 13. Re1 Bf6 14. Bf4 Re8
15. h3 Qc8 16. hxg4 Qxg4 17. Be5 Re6 18. Bxf6 Rxf6 19. Ne5 Qh4 20. Qd5 Qxf2+
21. Kh2 Rh6+ {White resigns} 0-1

[Event "FICS rated blitz game"]
[Site "FICS freechess.org"]
[Date "2018.01.12"]
[Round "?"]
[White "intihuantana"]
[Black "akx"]
[Result "1-0"]
[WhiteElo "1972"]
[BlackElo "1794"]
[PlyCount "99"]
[EventDate "2018.??.??"]
[EventType "blitz"]

1. e4 e5 2. Nf3 Nc6 3. c3 Nf6 4. d4 exd4 5. e5 Nd5 6. cxd4 d6 7. exd6 Bxd6 8.
Be2 Bg4 9. O-O O-O 10. Nc3 Nxc3 11. bxc3 Qf6 12. h3 Bh5 13. Qb3 Rfe8 14. Bd1
Rab8 15. Bg5 Qg6 16. Bc2 Qe6 17. d5 Qe2 18. Rfe1 Na5 19. Rxe2 Nxb3 20. Rxe8+
Rxe8 21. axb3 Re2 22. Re1 Bxf3 23. Rxe2 Bxe2 24. Be3 b6 25. f3 a5 26. Kf2 Ba6
27. Bd4 f6 28. Ke3 h6 29. Bf5 Kf7 30. h4 Bf1 31. g4 Bh3 32. Be6+ Ke7 33. h5 Bf1
34. f4 Ba6 35. g5 hxg5 36. fxg5 c5 37. gxf6+ gxf6 38. h6 cxd4+ 39. cxd4 Kf8 40.
Ke4 f5+ 41. Kxf5 Bd3+ 42. Kf6 Be7+ 43. Ke5 Bh7 44. d6 Bd8 45. Kd5 b5 46. Kc6 a4
47. bxa4 bxa4 48. Kd7 a3 49. Kxd8 a2 50. Bxa2 1-0

[Event "FICS rated lightning game"]
[Site "FICS freechess.org"]
[Date "2018.01.12"]
[Round "?"]
[White "karthikg"]
[Black "rossoscuro"]
[Result "0-1"]
[WhiteElo "1885"]
[BlackElo "1867"]
[PlyCount "30"]
[EventDate "2018.??.??"]

1. e4 e5 2. Nf3 Nc6 3. c3 a6 4. d4 exd4 5. cxd4 d6 6. Bd3 Bg4 7. Nbd2 Nxd4 8.
O-O Nxf3+ 9. gxf3 Bh5 10. Re1 Qd7 11. Nc4 O-O-O 12. Be3 Nf6 13. Qb3 Bxf3 14.
Na5 Qg4+ 15. Kf1 Qg2# {White checkmated} 0-1

[Event "FICS rated blitz game"]
[Site "FICS freechess.org"]
[Date "2018.01.12"]
[Round "?"]
[White "travstroe"]
[Black "flyingfeats"]
[Result "0-1"]
[WhiteElo "1461"]
[BlackElo "1393"]
[PlyCount "98"]
[EventDate "2018.??.??"]
[EventType "blitz"]

1. e4 e5 2. Nf3 Nc6 3. c3 Bc5 4. Bc4 Nf6 5. d3 O-O 6. Qe2 d6 7. Be3 Bxe3 8.
fxe3 Be6 9. d4 Bxc4 10. Qxc4 Nxe4 11. dxe5 d5 12. Qd3 Nc5 13. Qd2 Ne4 14. Qd3
Qd7 15. Nbd2 Nxd2 16. Nxd2 Rad8 17. O-O-O Nxe5 18. Qe2 c6 19. Ne4 Qf5 20. Ng3
Qg5 21. Rhf1 Nc4 22. Rd3 Ne5 23. Rd4 c5 24. Rf5 Qe7 25. Rh4 Qxh4 26. Rxe5 Qxh2
27. Qg4 Qg1+ 28. Kc2 Qf2+ 29. Kb3 c4+ 30. Ka3 Qf6 31. Rf5 Qa6+ 32. Kb4 Qd6+ 33.
Ka4 b5+ 34. Ka5 Qb6+ 35. Kb4 a5+ 36. Ka3 b4+ 37. Ka4 Qc6+ 38. Kxa5 Ra8+ 39.
Kxb4 Qa4+ 40. Kc5 Rfc8+ 41. Kd4 Qa7+ 42. Ke5 Re8+ 43. Kf4 Qc7+ 44. Kf3 d4 45.
Nh5 Qc6+ 46. Kf2 dxe3+ 47. Ke2 Qg6 48. Rg5 Qc2+ 49. Kf3 Qf2# {White checkmated}
0-1

[Event "FICS rated blitz game"]
[Site "FICS freechess.org"]
[Date "2018.01.12"]
[Round "?"]
[White "maximb"]
[Black "bvrus"]
[Result "1-0"]
[WhiteElo "1597"]
[BlackElo "1602"]
[PlyCount "79"]
[EventDate "2018.??.??"]
[EventType "blitz"]

1. e4 e5 2. Nf3 Nc6 3. c3 Nf6 4. d4 exd4 5. e5 Nd5 6. Qb3 Nb6 7. cxd4 d5 8. Nc3
Be6 9. Be3 Bb4 10. Bd3 O-O 11. O-O a5 12. a3 a4 13. Qc2 Bxc3 14. bxc3 Nc4 15.
Bxh7+ Kh8 16. Bf5 Bxf5 17. Qxf5 f6 18. Qh5+ Kg8 19. Qg4 fxe5 20. Nxe5 N6xe5 21.
dxe5 Nxe5 22. Qe6+ Nf7 23. Bd4 Qd6 24. Qg4 Qh6 25. Rae1 Nd6 26. Re6 Qh7 27. Re7
Rf7 28. Qe6 Raf8 29. Rxc7 Ne4 30. Rxf7 Rxf7 31. Qxd5 Nf6 32. Bxf6 gxf6 33. g3
Kg7 34. h4 Qc2 35. Qd4 Re7 36. Qb4 Rc7 37. Kg2 Rxc3 38. Qxb7+ Kg6 39. Qb4 Qe4+
40. Qxe4+ {Black resigns} 1-0

[Event "FICS rated blitz game"]
[Site "FICS freechess.org"]
[Date "2018.01.12"]
[Round "?"]
[White "arju"]
[Black "detelina"]
[Result "0-1"]
[WhiteElo "1635"]
[BlackElo "1712"]
[PlyCount "50"]
[EventDate "2018.??.??"]
[EventType "blitz"]

1. e4 e5 2. Nf3 Nc6 3. c3 d5 4. exd5 Qxd5 5. d4 e4 6. Nfd2 Nf6 7. Be2 Bd6 8. b3
O-O 9. Bb2 Bf4 10. c4 Qg5 11. g3 Bxd2+ 12. Nxd2 Rd8 13. a3 Nxd4 14. Bxd4 Rxd4
15. Qc2 Bf5 16. Qc3 Rad8 17. Rd1 c5 18. O-O Bh3 19. Nxe4 Nxe4 20. Qxd4 cxd4 21.
Rfe1 Nf6 22. Rd3 Qf5 23. Rf3 Qc2 24. Bd3 Qd2 25. Re2 Qd1+ {White resigns} 0-1

[Event "FICS rated standard game"]
[Site "FICS freechess.org"]
[Date "2018.01.12"]
[Round "?"]
[White "Chaeselume"]
[Black "KevinSI"]
[Result "0-1"]
[WhiteElo "1387"]
[BlackElo "1479"]
[PlyCount "28"]
[EventDate "2018.??.??"]

1. e4 e5 2. Nf3 Nc6 3. c3 Nf6 4. Qb3 Nxe4 5. d4 exd4 6. cxd4 Bb4+ 7. Bd2 Bxd2+
8. Nfxd2 Nxd4 9. Qc4 Nxd2 10. Qxd4 Qe7+ 11. Be2 Nxb1 12. Rxb1 O-O 13. O-O c5
14. Qh4 Qxh4 {White resigns} 0-1

[Event "FICS rated lightning game"]
[Site "FICS freechess.org"]
[Date "2018.01.12"]
[Round "?"]
[White "karthikg"]
[Black "rossoscuro"]
[Result "0-1"]
[WhiteElo "1894"]
[BlackElo "1853"]
[PlyCount "70"]
[EventDate "2018.??.??"]

1. e4 e5 2. Nf3 Nc6 3. c3 d5 4. d4 dxe4 5. Nxe5 Nxe5 6. dxe5 Qxd1+ 7. Kxd1 Bc5
8. Bc4 Bxf2 9. Rf1 Bh4 10. Bxf7+ Ke7 11. b3 Bg4+ 12. Kc2 Rd8 13. Ba3+ Kd7 14.
Rf4 Nh6 15. e6+ Kc6 16. Nd2 Nxf7 17. exf7 Be6 18. Rxh4 Bxf7 19. Rxe4 Bg6 20.
Rae1 Bxe4+ 21. Nxe4 b6 22. Nd2 Rhe8 23. Rxe8 Rxe8 24. Nc4 Re2+ 25. Kd3 Rxg2 26.
Ne5+ Kb7 27. h4 Rxa2 28. Bb4 Rh2 29. Nf3 Rh3 30. Ke3 c5 31. Ba3 a5 32. Bc1 Kc6
33. c4 Rh1 34. Bd2 Rb1 35. Ne5+ Kc7 0-1

[Event "FICS rated blitz game"]
[Site "FICS freechess.org"]
[Date "2018.01.12"]
[Round "?"]
[White "sirjerry"]
[Black "haibaer"]
[Result "1-0"]
[WhiteElo "896"]
[BlackElo "1374"]
[PlyCount "63"]
[EventDate "2018.??.??"]
[EventType "blitz"]

1. e4 e5 2. Nf3 Nc6 3. c3 d6 4. d4 exd4 5. Nxd4 Ne5 6. Bf4 Ng6 7. Be3 Nf6 8.
Nd2 Be7 9. Bb5+ Bd7 10. Bxd7+ Nxd7 11. O-O O-O 12. Nf5 Bf6 13. Re1 Nge5 14. Bf4
Nd3 15. Nh6+ Kh8 16. g3 Nxe1 17. Qxe1 gxh6 18. Bxh6 Rg8 19. Qe3 Ne5 20. Nf3 Ng4
21. Qf4 Nxh6 22. Qxh6 Rg6 23. Qf4 h5 24. Qf5 h4 25. Nxh4 Bxh4 26. Qxf7 Rg7 27.
Qh5+ Kg8 28. Qd5+ Kf8 29. Qf5+ Qf6 30. Qh5 Rg8 31. Rf1 Ke7 32. Qh7+ 1-0

[Event "FICS rated blitz game"]
[Site "FICS freechess.org"]
[Date "2018.01.12"]
[Round "?"]
[White "jezebelben"]
[Black "RENGANATHAN"]
[Result "0-1"]
[WhiteElo "1396"]
[BlackElo "1435"]
[PlyCount "54"]
[EventDate "2018.??.??"]
[EventType "blitz"]

1. e4 e5 2. Nf3 Nc6 3. c3 Bc5 4. d4 exd4 5. cxd4 Bb4+ 6. Bd2 Qe7 7. e5 Bxd2+ 8.
Nbxd2 f6 9. Be2 fxe5 10. dxe5 Nxe5 11. Nxe5 Qxe5 12. O-O Nf6 13. Bc4 Qd4 14.
Re1+ Kf8 15. Bb3 d5 16. Qc2 c5 17. Nf3 Qb4 18. a3 Qb6 19. Rad1 c4 20. Ba2 Bg4
21. Qe2 Re8 22. Qd2 Bxf3 23. gxf3 Kf7 24. Rxe8 Rxe8 25. Qf4 Re2 26. Qg3 Rxb2
27. Bb1 Rxb1 {White resigns} 0-1

[Event "FICS rated blitz game"]
[Site "FICS freechess.org"]
[Date "2018.01.12"]
[Round "?"]
[White "intihuantana"]
[Black "fairnsquare"]
[Result "1-0"]
[WhiteElo "1961"]
[BlackElo "1896"]
[PlyCount "109"]
[EventDate "2018.??.??"]
[EventType "blitz"]

1. e4 e5 2. Nf3 Nc6 3. c3 d6 4. h3 Nf6 5. d4 Be7 6. Be2 exd4 7. cxd4 d5 8. e5
Ne4 9. O-O Bf5 10. Qb3 Rb8 11. Nc3 O-O 12. Qxd5 Qxd5 13. Nxd5 Rfd8 14. Nxe7+
Nxe7 15. Be3 Nd5 16. Nh4 Bd7 17. Bf3 f5 18. g4 g6 19. Rfe1 g5 20. Bxe4 Nxe3 21.
fxe3 fxe4 22. Nf5 Bxf5 23. gxf5 Rf8 24. Rf1 Kf7 25. Rac1 c6 26. b4 a6 27. a4
Rbc8 28. Kg2 h6 29. h4 g4 30. Kg3 h5 31. Kf4 b5 32. axb5 cxb5 33. Kxe4 a5 34.
bxa5 Ra8 35. Rc7+ Ke8 36. Rh7 Rg8 37. Rxh5 g3 38. f6 g2 39. f7+ Ke7 40. Rg1 Rg7
41. d5 Kxf7 42. e6+ Ke7 43. Ke5 Rf8 44. d6+ Ke8 45. Rg5 Rxg5+ 46. hxg5 Rf2 47.
g6 Kf8 48. d7 Kg7 49. d8=Q Kxg6 50. Qh4 Ra2 51. Qg3+ Kh7 52. Rxg2 Rxg2 53. Qxg2
b4 54. Kf6 b3 55. Qg7# {Black checkmated} 1-0

[Event "FICS rated blitz game"]
[Site "FICS freechess.org"]
[Date "2018.01.12"]
[Round "?"]
[White "SargonV"]
[Black "Lakepawn"]
[Result "1-0"]
[WhiteElo "1450"]
[BlackElo "1300"]
[PlyCount "21"]
[EventDate "2018.??.??"]
[EventType "blitz"]

1. e4 e5 2. Nf3 Nc6 3. c3 d6 4. d4 Bg4 5. Bc4 Bxf3 6. Qxf3 Nf6 7. Be3 Be7 8.
Nd2 h6 9. Qg3 a6 10. Qxg7 Rg8 11. Bxf7+ 1-0

[Event "FICS rated standard game"]
[Site "FICS freechess.org"]
[Date "2018.01.12"]
[Round "?"]
[White "piaanist"]
[Black "neilbrown"]
[Result "0-1"]
[WhiteElo "1512"]
[BlackElo "1270"]
[PlyCount "34"]
[EventDate "2018.??.??"]

1. e4 e5 2. Nf3 Nc6 3. c3 d6 4. d4 Nf6 5. dxe5 dxe5 6. Qxd8+ Nxd8 7. Nxe5 Bd6
8. Nxf7 Nxf7 9. Bc4 O-O 10. f3 a6 11. a3 b5 12. Bb3 c5 13. Bd5 Nxd5 14. exd5
Re8+ 15. Kf2 Ne5 16. Nd2 Nd3+ 17. Kf1 Re1# {White checkmated} 0-1

[Event "FICS rated blitz game"]
[Site "FICS freechess.org"]
[Date "2018.01.12"]
[Round "?"]
[White "jezebelben"]
[Black "aneeshnair"]
[Result "1-0"]
[WhiteElo "1422"]
[BlackElo "1343"]
[PlyCount "107"]
[EventDate "2018.??.??"]
[EventType "blitz"]

1. e4 e5 2. Nf3 Nc6 3. c3 d6 4. d4 exd4 5. cxd4 Nf6 6. d5 Nb8 7. Be2 Be7 8. O-O
O-O 9. Nc3 Nbd7 10. h3 Nc5 11. Qc2 Re8 12. Nh2 Bf8 13. f3 c6 14. b4 Na6 15. a3
cxd5 16. exd5 b6 17. Bg5 Bb7 18. Ne4 Rxe4 19. fxe4 Rc8 20. Qd3 Be7 21. Bxf6
Bxf6 22. Rad1 Rc3 23. Qd2 Rxa3 24. Ng4 Bg5 25. Qb2 Ra4 26. e5 Rxb4 27. Qc3 dxe5
28. Bxa6 Rxg4 29. Bxb7 Ra4 30. Qxe5 Bf6 31. Rxf6 gxf6 32. Qg3+ Kh8 33. Bc6 Ra5
34. Re1 Ra1 35. Kh2 Rxe1 36. Qxe1 Qd6+ 37. Kg1 Qc5+ 38. Kh1 a5 39. Qe8+ Kg7 40.
Qd7 Qc1+ 41. Kh2 Qf4+ 42. Kg1 Qd4+ 43. Kf1 Qf4+ 44. Ke2 Qe4+ 45. Kd2 Qd4+ 46.
Kc2 Qe4+ 47. Kc3 Qb4+ 48. Kd3 Qb3+ 49. Ke4 Qc2+ 50. Kf4 Qf2+ 51. Kg4 Qxg2+ 52.
Kh4 Qe2 53. Qg4+ Kf8 54. Qxe2 {Black resigns} 1-0

[Event "FICS rated standard game"]
[Site "FICS freechess.org"]
[Date "2018.01.12"]
[Round "?"]
[White "piaanist"]
[Black "Navarrra"]
[Result "0-1"]
[WhiteElo "1446"]
[BlackElo "1679"]
[PlyCount "80"]
[EventDate "2018.??.??"]

1. e4 e5 2. Nf3 Nc6 3. c3 Nf6 4. Bd3 Bc5 5. O-O d6 6. Be2 h6 7. d4 Bb6 8. dxe5
Nxe5 9. Nxe5 dxe5 10. Qxd8+ Kxd8 11. Bd3 Ke7 12. Kh1 Bd7 13. f3 a6 14. Nd2 Rad8
15. Nc4 Be6 16. Nxe5 Nd7 17. f4 Nxe5 18. fxe5 Rxd3 19. Bf4 Rhd8 20. h3 g5 21.
Bh2 Re3 22. Rf6 Rxe4 23. Rxh6 Rd2 24. Rh5 g4 25. hxg4 Bxg4 26. Rg5 Be6 27. Rf1
Rxb2 28. Rh5 Rxa2 29. Rhf5 Bxf5 30. Rxf5 Rc2 31. Rf4 Re1+ 32. Bg1 Rxg1+ 33. Kh2
Rgxg2+ 34. Kh3 Rgf2 35. Re4 Rxc3+ 36. Kg4 Rcc2 37. e6 f6 38. Kg3 Rc3+ 39. Kg4
f5+ 40. Kg5 fxe4 {White resigns} 0-1

[Event "FICS rated standard game"]
[Site "FICS freechess.org"]
[Date "2018.01.12"]
[Round "?"]
[White "Pythagkoras"]
[Black "MRKumar"]
[Result "0-1"]
[WhiteElo "1682"]
[BlackElo "1725"]
[PlyCount "28"]
[EventDate "2018.??.??"]

1. e4 e5 2. Nf3 Nc6 3. c3 Bc5 4. Bc4 Nf6 5. d3 d6 6. h3 h6 7. O-O g5 8. Nh2 Rg8
9. Be3 g4 10. hxg4 Nxg4 11. Nxg4 Bxg4 12. Qd2 Bf3 13. g3 Qh4 14. Bxc5 Qh1# {
White checkmated} 0-1

[Event "FICS rated standard game"]
[Site "FICS freechess.org"]
[Date "2018.01.12"]
[Round "?"]
[White "FyFazan"]
[Black "snazzzzzz"]
[Result "1-0"]
[WhiteElo "1615"]
[BlackElo "1610"]
[PlyCount "91"]
[EventDate "2018.??.??"]

1. e4 e5 2. Nf3 Nc6 3. c3 Bc5 4. d4 exd4 5. cxd4 Bb4+ 6. Nc3 Bxc3+ 7. bxc3 d5
8. exd5 Qxd5 9. c4 Qe4+ 10. Be3 Bg4 11. Be2 Bxf3 12. Bxf3 Qe7 13. Bxc6+ bxc6
14. O-O Nf6 15. Re1 O-O 16. Bg5 Qd6 17. c5 Qd8 18. Qf3 Re8 19. Qxc6 Rxe1+ 20.
Rxe1 Rc8 21. h3 Qd5 22. Qxd5 Nxd5 23. Rb1 a6 24. Rb7 f6 25. Be3 a5 26. Ra7 Rb8
27. Rxa5 Rb1+ 28. Kh2 Nxe3 29. fxe3 Rb7 30. a4 c6 31. Ra6 Rc7 32. Rb6 Kf7 33.
a5 Kg6 34. a6 Rc8 35. Kg3 h5 36. Kf4 f5 37. a7 Ra8 38. Rb7 Kf6 39. Rc7 Ke6 40.
Rxc6+ Kd5 41. Rc7 g6 42. Kg5 Ke4 43. Re7+ Kd5 44. Kxg6 Rg8+ 45. Kxf5 Rxg2 46.
a8=Q+ {Black resigns} 1-0

[Event "FICS rated standard game"]
[Site "FICS freechess.org"]
[Date "2018.01.12"]
[Round "?"]
[White "piaanist"]
[Black "alwayslearning"]
[Result "1-0"]
[WhiteElo "1484"]
[BlackElo "1488"]
[PlyCount "73"]
[EventDate "2018.??.??"]

1. e4 e5 2. Nf3 Nc6 3. c3 Nf6 4. Bd3 Be7 5. Bb5 O-O 6. Bxc6 dxc6 7. Nxe5 Qd6 8.
Nc4 Qc5 9. d3 Re8 10. Be3 Qb5 11. b3 c5 12. a4 Qd7 13. Nbd2 Qg4 14. f3 Qxg2 15.
Rf1 Qxh2 16. Rf2 Qh1+ 17. Rf1 Qh4+ 18. Bf2 Qf4 19. Qe2 Bh3 20. Rg1 Nh5 21.
O-O-O Bh4 22. Be3 Qf6 23. Qh2 Qxc3+ 24. Kb1 Qxd3+ 25. Kb2 Bf6+ 26. Ka3 Bd7 27.
Qxh5 g6 28. Bh6 b5 29. Qxc5 bxc4 30. Nxc4 Bd4 31. Qxc7 Qxf3 32. Rxd4 Qf2 33.
Rgd1 Bg4 34. R1d2 Qf3 35. Nd6 Red8 36. Nxf7 Qxf7 37. Rxd8+ 1-0

[Event "FICS rated blitz game"]
[Site "FICS freechess.org"]
[Date "2018.01.12"]
[Round "?"]
[White "HotCarl"]
[Black "freshTiT"]
[Result "1-0"]
[WhiteElo "1417"]
[BlackElo "1250"]
[PlyCount "65"]
[EventDate "2018.??.??"]
[EventType "blitz"]

1. e4 e5 2. Nf3 Nc6 3. c3 Nf6 4. d3 Bc5 5. d4 exd4 6. cxd4 Bb4+ 7. Nc3 Nxe4 8.
Bd2 Nxc3 9. bxc3 Be7 10. d5 Nb8 11. Bc4 O-O 12. O-O d6 13. Bb3 Nd7 14. Be3 Nf6
15. Re1 Re8 16. c4 Bg4 17. h3 Bh5 18. Bg5 c6 19. dxc6 bxc6 20. Bc2 Rb8 21. Qd3
Bg6 22. Qd2 Bxc2 23. Qxc2 Qc7 24. Rab1 h6 25. Bh4 Rxb1 26. Rxb1 Rb8 27. Re1 Rb4
28. Bg3 Qb7 29. Qe2 Bf8 30. Bh4 Nh5 31. Nd4 Nf4 32. Qf3 Ne6 33. Nf5 1-0

[Event "FICS rated blitz game"]
[Site "FICS freechess.org"]
[Date "2018.01.12"]
[Round "?"]
[White "Jephtah"]
[Black "AntKa"]
[Result "1/2-1/2"]
[WhiteElo "1479"]
[BlackElo "1419"]
[PlyCount "92"]
[EventDate "2018.??.??"]
[EventType "blitz"]

1. e4 e5 2. Nf3 Nc6 3. c3 d6 4. d4 Bg4 5. Bb5 a6 6. Bxc6+ bxc6 7. dxe5 Bxf3 8.
Qxf3 dxe5 9. O-O Nf6 10. Be3 Be7 11. Rd1 Qc8 12. Nd2 Qg4 13. Nc4 Qxe4 14. Qxe4
Nxe4 15. Nxe5 c5 16. f3 Nf6 17. Nc6 Bd6 18. Bg5 O-O 19. Bxf6 gxf6 20. g3 a5 21.
Re1 Ra6 22. Ne7+ Kg7 23. Rad1 Re8 24. Nf5+ Kf8 25. Rxe8+ Kxe8 26. Nxd6+ Rxd6
27. Re1+ Kd7 28. Re2 Re6 29. Kf2 Rxe2+ 30. Kxe2 Kd6 31. Kd3 Kd5 32. b3 c6 33.
a3 f5 34. h3 h6 35. h4 h5 36. Ke3 Ke5 37. c4 f6 38. f4+ Ke6 39. Kd3 Kd6 40. Kc3
Kc7 41. b4 Kb6 42. bxa5+ Kxa5 43. Kb3 Kb6 44. Ka4 Ka6 45. Kb3 Ka5 46. a4 Kb6
1/2-1/2

[Event "FICS rated blitz game"]
[Site "FICS freechess.org"]
[Date "2018.01.12"]
[Round "?"]
[White "jezebelben"]
[Black "bramanti"]
[Result "0-1"]
[WhiteElo "1413"]
[BlackElo "1501"]
[PlyCount "46"]
[EventDate "2018.??.??"]
[EventType "blitz"]

1. e4 e5 2. Nf3 Nc6 3. c3 Nf6 4. d4 d6 5. d5 Nb8 6. Be2 Be7 7. O-O O-O 8. Nbd2
Nbd7 9. h3 Nb6 10. Nh2 Bd7 11. Qc2 Qc8 12. f4 exf4 13. Rxf4 Ne8 14. Qd1 Bg5 15.
Rf1 f5 16. c4 Nf6 17. Ndf3 Bxc1 18. Rxc1 Nxe4 19. Ng5 Nxg5 20. Nf3 Ne4 21. Bd3
Qd8 22. Qe1 Qe7 23. Ng5 Qxg5 {White resigns} 0-1

[Event "FICS rated blitz game"]
[Site "FICS freechess.org"]
[Date "2018.01.12"]
[Round "?"]
[White "bipedo"]
[Black "Rquevedo"]
[Result "0-1"]
[WhiteElo "1514"]
[BlackElo "1543"]
[PlyCount "42"]
[EventDate "2018.??.??"]
[EventType "blitz"]

1. e4 Nc6 2. Nf3 e5 3. c3 Nf6 4. Qc2 Bc5 5. Bc4 Na5 6. Be2 Nc6 7. d4 exd4 8.
cxd4 Bb4+ 9. Bd2 Bxd2+ 10. Nbxd2 O-O 11. O-O d6 12. a3 Bg4 13. Bd3 Bxf3 14.
Nxf3 Re8 15. Rfe1 Nd7 16. e5 dxe5 17. Bxh7+ Kh8 18. d5 Nd4 19. Nxd4 exd4 20.
Qf5 Rxe1+ 21. Rxe1 Nf6 {White resigns} 0-1

[Event "FICS rated blitz game"]
[Site "FICS freechess.org"]
[Date "2018.01.12"]
[Round "?"]
[White "Staples"]
[Black "kimosfo"]
[Result "0-1"]
[WhiteElo "1634"]
[BlackElo "1671"]
[PlyCount "74"]
[EventDate "2018.??.??"]
[EventType "blitz"]

1. e4 e5 2. c3 Nc6 3. Nf3 Bc5 4. Bc4 d6 5. d4 exd4 6. cxd4 Bb4+ 7. Bd2 Bxd2+ 8.
Nbxd2 Nf6 9. Bxf7+ Kxf7 10. Qb3+ Kf8 11. Ng5 Qe7 12. O-O h6 13. Ngf3 Qf7 14.
Qc2 Bg4 15. e5 Bxf3 16. Nxf3 dxe5 17. dxe5 Nd7 18. Rae1 Qe6 19. Qc3 g5 20. Qa3+
Kg7 21. b4 a6 22. Qb2 Rhf8 23. a3 Rf5 24. Nd4 Nxd4 25. Qxd4 Nb6 26. g4 Rf4 27.
Qd3 Qxg4+ 28. Kh1 Qf3+ 29. Qxf3 Rxf3 30. e6 Re8 31. Re5 Rf6 32. Rfe1 Kf8 33.
e7+ Kf7 34. a4 Nxa4 35. b5 axb5 36. Rxb5 Nb6 37. Rbe5 Nc8 {White resigns} 0-1

[Event "FICS rated blitz game"]
[Site "FICS freechess.org"]
[Date "2018.01.12"]
[Round "?"]
[White "MartinJD"]
[Black "picudaroja"]
[Result "0-1"]
[WhiteElo "1198"]
[BlackElo "1193"]
[PlyCount "70"]
[EventDate "2018.??.??"]
[EventType "blitz"]

1. e4 e5 2. Nf3 Nc6 3. c3 Be7 4. Bb5 d6 5. d4 Bd7 6. Bxc6 Bxc6 7. d5 Bd7 8. Be3
Nf6 9. Nbd2 O-O 10. Nh4 Re8 11. Nf5 Bf8 12. Bg5 Bxf5 13. exf5 e4 14. Bxf6 Qxf6
15. Qg4 e3 16. Ne4 exf2+ 17. Kxf2 Qh6 18. Rhe1 Re5 19. f6 Rae8 20. fxg7 Bxg7
21. Qd7 Qf4+ 22. Kg1 Rxe4 23. Rxe4 Qxe4 24. Rf1 Qe3+ 25. Kh1 Qe1 26. Qxf7+ Kh8
27. Kg1 Qe3+ 28. Rf2 Rg8 29. Kf1 Qc1+ 30. Ke2 Qc2+ 31. Ke3 Bh6+ 32. Kd4 Rg4+
33. Rf4 Qd2+ 34. Kc4 Rxf4+ 35. Qxf4 Bxf4 {White resigns} 0-1

[Event "FICS rated standard game"]
[Site "FICS freechess.org"]
[Date "2018.01.12"]
[Round "?"]
[White "proximab"]
[Black "stoyko"]
[Result "1-0"]
[WhiteElo "2036"]
[BlackElo "1983"]
[PlyCount "85"]
[EventDate "2018.??.??"]

1. e4 e5 2. Nf3 Nc6 3. c3 Nf6 4. d4 exd4 5. e5 Nd5 6. Bb5 a6 7. Bxc6 dxc6 8.
Nxd4 Bc5 9. O-O O-O 10. Nb3 Be7 11. Qh5 Qd7 12. Nd4 Qg4 13. Qxg4 Bxg4 14. h3
Bd7 15. Rd1 Rad8 16. c4 Nb4 17. Nc3 c5 18. Nf3 Bc6 19. Rxd8 Rxd8 20. Ne1 h6 21.
Be3 Nd3 22. Nxd3 Rxd3 23. Ne2 b6 24. Ng3 Bd7 25. b3 Bh4 26. Nh5 Kh7 27. Nf4 Rc3
28. Nd5 Rc2 29. Nxc7 a5 30. Na8 Bd8 31. Rd1 Bc6 32. Rxd8 Rxa2 33. Nxb6 Rb2 34.
Rc8 Be4 35. Rxc5 Rxb3 36. Rxa5 Rb1+ 37. Kh2 Rb2 38. h4 Kg6 39. g4 h5 40. e6
fxe6 41. Rxh5 Kf6 42. Bd4+ Kf7 43. Bxb2 {Black resigns} 1-0

[Event "FICS rated blitz game"]
[Site "FICS freechess.org"]
[Date "2018.01.12"]
[Round "?"]
[White "Sincerias"]
[Black "sdarjee"]
[Result "1-0"]
[WhiteElo "1237"]
[BlackElo "1166"]
[PlyCount "63"]
[EventDate "2018.??.??"]
[EventType "blitz"]

1. e4 e5 2. Nf3 Nc6 3. c3 d5 4. Bb5 dxe4 5. Nxe5 Bd7 6. Nxf7 Kxf7 7. Bc4+ Ke8
8. Qh5+ g6 9. Qd5 Qe7 10. O-O Nf6 11. Qb5 Rb8 12. d4 a6 13. Qb3 Na5 14. Bxa6
Nxb3 15. axb3 bxa6 16. Bg5 Bg7 17. Re1 Bf5 18. Nd2 Kf7 19. Rxa6 h6 20. Bxf6
Bxf6 21. Nxe4 Bxe4 22. f3 Rxb3 23. Rxe4 Qd7 24. Rf4 Rb6 25. Ra5 Kg7 26. Re4
Rxb2 27. Rc5 Rhb8 28. h3 Rb1+ 29. Kf2 R8b2+ 30. Ke3 Re1+ 31. Kd3 Rxe4 32. fxe4
1-0